La evaluación de los aprendizajes en el debate didáctico contemporáneo /
Guardado en:
| Autor Principal: | |
|---|---|
| Formato: | Libro |
| Publicado: |
Buenos Aires :
Paidós,
1998
|
| Series: | Paidós educador; No. 12
|
| Materias: | |
| Etiquetas: |
Agregar Etiqueta
Sin Etiquetas, Sea el primero en etiquetar este registro!
|
| LEADER | 01226nam a22002295a 4500 | ||
|---|---|---|---|
| 001 | CEM.cems010291 | ||
| 005 | 20080606130529.0 | ||
| 008 | 130507s1998##################000#0#####d | ||
| 003 | CEMS | ||
| 020 | |a 9501221296 | ||
| 082 | 0 | 4 | |a 371.26 |
| 100 | 1 | |a Wigdorovitz de Camilloni, Alicia | |
| 245 | 1 | 0 | |a La evaluación de los aprendizajes en el debate didáctico contemporáneo / |c Alicia Wigdorovitz de Camilloni ... [et Al.] |
| 260 | |a Buenos Aires : |b Paidós, |c 1998 | ||
| 300 | |a 176 p. | ||
| 490 | 0 | |a Paidós educador; No. 12 | |
| 505 | 0 | |a La evaluación: campo de controversias y paradojas o un nuevo lugar para la buena enseñanza / Edith Litwin -- Es posible mejorar la evaluación y transformarla en herramienta de conocimiento / Susana Celman -- La calidad de los programas de evaluación y de los instrumentos que los integran / Alicia R. W. Camilloni -- La evaluación de las prácticas docentes y la autoevaluación / María del Carmen Palou de Maté -- Sistemas de calificación y regímenes de promoción / Alicia R. W. Camilloni | |
| 653 | |a Aprendizaje | ||
| 653 | |a Aprendizaje-didáctica | ||
| 653 | |a Aprendizaje-evaluación | ||
| 653 | |a Educación | ||
| 859 | |a CEMS |b BIB. CEMS - 11 de abril |h 371.26 |i C146 |p 20846.00 |t Ej.1 | ||
